Minecraft Mobs: Iron Golem - Statistics

General Stats
  • This quiz has been taken 10 times
  • The average score is 6 of 10
Answer Stats
Question Answer % Correct
How many health points does an iron golem have? 100
89%
How many villagers are needed to spawn an iron golem when they are not in danger? 5
78%
How many blocks are needed to summon an iron golem? 5
78%
What is one structure iron golems can generate in? Pillager Outpost | Village
78%
What is an iron golem's height in blocks? 2.7
67%
How many seconds does a villager have to wait before it can spawn another iron golem? 30
67%
What item can be used to heal an iron golem? Iron Ingot
67%
What item does an iron golem offer to villagers and copper golems? Poppy
56%
What is an iron golem's width in blocks? 1.4
44%
What advancement do you get for summoning an iron golem? Hired Help
22%
No matching quizzes found
Score Distribution
Percent of People with Each Score
Percentile by Number Answered
Your Score History
You have not taken this quiz